000 00530nam a2200205 i 4500
001 bg
100 1 _aŚmiechowska, Jadwiga.
245 1 0 _aDeutsch für dich /
_cJadwiga Śmiechowska.
_nT. 1.
260 _aWarszawa :
_b"Wiedza i Świat",
_c1997.
300 _a302 s. :
_brys. ;
_c24 cm.
650 9 _aJęzyk niemiecki
655 _aPodręczniki
020 _a8390145545
040 _cBPK
041 0 _ade
080 _a811.112.2(07)
920 _a83-901455-4-5
942 _cKS
008 s pl f |000 0 pol
999 _c31813
_d31813
856 _uhttp://koha.tu.koszalin.pl/cgi-bin/koha/opac-detail.pl?biblionumber=31813
_yKatalog online BPK